| 000 | 00436nam a2200181Ia 4500 | ||
|---|---|---|---|
| 001 | 16625 | ||
| 005 | 20260306170323.0 | ||
| 008 | 260306t2018||||xx |||||||||||||| ||und|| | ||
| 041 | _aESP | ||
| 082 |
_a348.8 _bS24 |
||
| 100 |
_aSánchez Zapata, Ronni _eAUT |
||
| 245 | 0 | _aTrámites y procedimientos laborales | |
| 260 | _c2018 | ||
| 300 |
_a262 páginas : _c24 cm. |
||
| 650 | _aGEN | ||
| 654 | _aCDE | ||
| 942 |
_cLIB _dJUS _fJUS _2ddc _n |
||
| 999 |
_c16625 _d16625 |
||